[Event "ESP-chT CECLUB Div2"]
[Site "Linares"]
[Date "2022.08.27"]
[Round "7.2"]
[White "Paz Ladron de Guevara, Daniel"]
[Black "Lopez Quevedo, Angel Carlos"]
[Result "1-0"]
[WhiteElo "2351"]
[BlackElo "2096"]
[PlyCount "93"]
[EventDate "2022.08.22"]
[EventType "team-swiss"]
[EventRounds "7"]
[EventCountry "ESP"]
[SourceTitle "CBM 209 Extra"]
[Source "ChessBase"]
[SourceDate "2022.09.30"]
[SourceVersion "1"]
[SourceVersionDate "2022.09.30"]
[SourceQuality "1"]
[WhiteTeam "Naxfor Benalmadena"]
[BlackTeam "Tomelloso"]
[WhiteTeamCountry "ESP"]
[BlackTeamCountry "ESP"]

1. e4 c5 2. Nc3 e6 3. Nge2 Nc6 4. g3 Nf6 5. Bg2 Be7 6. 0-0 0-0 7. h3 a6 8. a4 Rb8 9. b3 d6 10. Bb2 Bd7 11. d4 cxd4 12. Nxd4 Qc7 13. Qd2 Rfd8 14. Rfd1 Be8 15. Rac1 Nxd4 16. Qxd4 Bc6 17. Qe3 b5 18. axb5 axb5 19. g4 h6 20. Ne2 Qb7 21. Ng3 Ra8 22. Ra1 Rxa1 23. Rxa1 Ra8 24. Rxa8+ Qxa8 25. Qb6 Nxe4 26. Bxg7 Kxg7 27. Bxe4 Qa1+ 28. Kg2 Bxe4+ 29. Nxe4 Qe5 30. Qb7 Bh4 31. Qc6 d5 32. Qc3 Bf6 33. Qxe5 Bxe5 34. Nc5 Bd6 35. Nd3 Kg6 36. f4 f6 37. Kf3 e5 38. Nc1 h5 39. Ne2 hxg4+ 40. hxg4 b4 41. Ng3 Bc5 42. Nf5 Kf7 43. g5 e4+ 44. Kg4 fxg5 45. fxg5 Bf2 46. Kf4 Bg1 47. Kg3 1-0

[Event "ESP-chT Gp1"]
[Site "Burguillos"]
[Date "2008.08.14"]
[Round "3"]
[White "Paz Ladron de Guevara, Daniel"]
[Black "Camacho Collados, Jose"]
[Result "1/2-1/2"]
[WhiteElo "2356"]
[BlackElo "2276"]
[PlyCount "122"]
[EventDate "2008.08.13"]
[EventType "team"]
[EventRounds "6"]
[EventCountry "ESP"]
[SourceTitle "CBM 126 Extra"]
[Source "ChessBase"]
[SourceDate "2008.11.05"]
[SourceVersion "1"]
[SourceVersionDate "2008.11.05"]
[SourceQuality "1"]

1. e4 c6 2. d4 d5 3. Nc3 dxe4 4. Nxe4 Bf5 5. Ng3 Bg6 6. Nf3 Nd7 7. h4 h6 8. h5 Bh7 9. Bd3 Bxd3 10. Qxd3 e6 11. Bd2 Qc7 12. 0-0-0 0-0-0 13. Ne4 Ngf6 14. g3 Nxe4 15. Qxe4 Bd6 16. c4 c5 17. Bc3 Nf6 18. Qe2 cxd4 19. Rxd4 Qc5 20. Rhd1 Bc7 21. g4 Rxd4 22. Bxd4 Qa5 23. Bxf6 gxf6 24. Kb1 Rg8 25. Qe4 f5 26. gxf5 Qxf5 27. Qxf5 exf5 28. Rd5 f4 29. Nh4 Rg1+ 30. Kc2 Rf1 31. f3 f6 32. Rd1 Rf2+ 33. Rd2 Rf1 34. Rh2 Kd7 35. Nf5 Rxf3 36. Nxh6 Rf1 37. Ng4 f5 38. Nf6+ Ke6 39. h6 Be5 40. Nd5 f3 41. h7 f2 42. Kb3 Re1 43. Rxf2 Rh1 44. Kb4 Rxh7 45. Re2 Kd6 46. Rf2 Rf7 47. Kb3 f4 48. Kc2 b5 49. b3 bxc4 50. bxc4 f3 51. Kd3 Bg3 52. Rf1 f2 53. Ke3 Be5 54. Ke4 Ke6 55. c5 Rd7 56. Nf4+ Bxf4 57. Kxf4 Rd2 58. Ke3 Rxa2 59. Rxf2 Rxf2 60. Kxf2 a5 61. Ke3 a4 1/2-1/2

[Event "ESP-chT Gp1"]
[Site "Burguillos"]
[Date "2008.08.13"]
[Round "1"]
[White "Paz Ladron de Guevara, Daniel"]
[Black "Tudela Corbalan, Carlos"]
[Result "0-1"]
[WhiteElo "2356"]
[BlackElo "2191"]
[PlyCount "50"]
[EventDate "2008.08.13"]
[EventType "team"]
[EventRounds "6"]
[EventCountry "ESP"]
[SourceTitle "CBM 126 Extra"]
[Source "ChessBase"]
[SourceDate "2008.11.05"]
[SourceVersion "1"]
[SourceVersionDate "2008.11.05"]
[SourceQuality "1"]

1. e4 g6 2. Nc3 Bg7 3. Nge2 c6 4. d4 d6 5. Be3 Nd7 6. Qd2 b5 7. f3 Bb7 8. h4 h5 9. g3 a6 10. Bh3 Nb6 11. b3 Qc7 12. a4 b4 13. Na2 a5 14. c3 bxc3 15. Naxc3 Nf6 16. Rc1 Ba6 17. Kf2 Qb7 18. Rc2 0-0 19. Bh6 Nbd7 20. Bxg7 Kxg7 21. g4 hxg4 22. fxg4 c5 23. Ng3 cxd4 24. Qg5 Nh7 25. Nf5+ Kh8 0-1

[Event "Ronda Promesas"]
[Site "Ronda"]
[Date "2007.11.04"]
[Round "8"]
[White "Paz Ladron de Guevara, Daniel"]
[Black "Alonso Garcia, Rene Marcial"]
[Result "1/2-1/2"]
[WhiteElo "2362"]
[BlackElo "2395"]
[PlyCount "24"]
[EventDate "2007.10.31"]
[EventType "tourn"]
[EventRounds "9"]
[EventCountry "ESP"]
[EventCategory "3"]
[SourceTitle "EXT 2008"]
[Source "ChessBase"]
[SourceDate "2007.11.25"]
[SourceVersion "1"]
[SourceVersionDate "2007.11.25"]
[SourceQuality "1"]

1. e4 e6 2. d4 d5 3. Nc3 Bb4 4. e5 c5 5. a3 Bxc3+ 6. bxc3 Ne7 7. Qg4 Qc7 8. Qxg7 Rg8 9. Qxh7 cxd4 10. Ne2 Nbc6 11. f4 dxc3 12. Qd3 Bd7 1/2-1/2

[Event "Ronda Promesas"]
[Site "Ronda"]
[Date "2007.11.03"]
[Round "6"]
[White "Paz Ladron de Guevara, Daniel"]
[Black "Reyes Larena, Juan"]
[Result "1/2-1/2"]
[WhiteElo "2362"]
[BlackElo "2450"]
[PlyCount "46"]
[EventDate "2007.10.31"]
[EventType "tourn"]
[EventRounds "9"]
[EventCountry "ESP"]
[EventCategory "3"]
[SourceTitle "EXT 2008"]
[Source "ChessBase"]
[SourceDate "2007.11.25"]
[SourceVersion "1"]
[SourceVersionDate "2007.11.25"]
[SourceQuality "1"]

1. e4 e5 2. Nc3 Nf6 3. Nf3 Nc6 4. g3 Bb4 5. Nd5 Bc5 6. Bg2 d6 7. 0-0 Bg4 8. h3 Be6 9. c3 Nxd5 10. exd5 Bxd5 11. d4 Bb6 12. dxe5 dxe5 13. Qa4 Qe7 14. Bg5 Qe6 15. Nxe5 Bxg2 16. Kxg2 0-0 17. Nf3 Rfe8 18. Rfe1 Qg6 19. Rad1 h6 20. Bf4 Re6 21. Rxe6 Qxe6 22. Re1 Qf5 23. Qe4 Qxe4 1/2-1/2

[Event "Ronda Promesas"]
[Site "Ronda"]
[Date "2007.11.02"]
[Round "4"]
[White "Paz Ladron de Guevara, Daniel"]
[Black "Naranjo Moreno, Antonio"]
[Result "1-0"]
[WhiteElo "2362"]
[BlackElo "2255"]
[PlyCount "173"]
[EventDate "2007.10.31"]
[EventType "tourn"]
[EventRounds "9"]
[EventCountry "ESP"]
[EventCategory "3"]
[SourceTitle "EXT 2008"]
[Source "ChessBase"]
[SourceDate "2007.11.25"]
[SourceVersion "1"]
[SourceVersionDate "2007.11.25"]
[SourceQuality "1"]

1. e4 e5 2. Nc3 Nf6 3. Nf3 Nc6 4. g3 d5 5. exd5 Nxd5 6. Bg2 Nxc3 7. bxc3 Bd6 8. 0-0 0-0 9. d3 Bg4 10. h3 Bh5 11. Rb1 Rb8 12. g4 Bg6 13. Ng5 h6 14. Ne4 f5 15. gxf5 Bxf5 16. Qh5 Qe8 17. Qxe8 Rfxe8 18. f4 Be6 19. a4 Bf8 20. f5 Ba2 21. Rb2 Bf7 22. Be3 Red8 23. Rbb1 b6 24. Kh2 Ne7 25. c4 Nc6 26. Ng5 Nb4 27. Nxf7 Kxf7 28. Rf2 Bc5 29. Bxc5 bxc5 30. Rg1 Rb6 31. Be4 Kf8 32. Rg3 Rbd6 33. Rd2 Na2 34. Rdg2 R8d7 35. Bd5 Nc3 36. Be6 Re7 37. Rg6 Ke8 38. Rxh6 Kd8 39. Rh8+ Re8 40. Rxe8+ Kxe8 41. Rxg7 e4 42. Kg2 e3 43. Kf3 e2 44. Kf2 a5 45. Rg1 Rb6 46. Ke3 Nxa4 47. Kxe2 Nc3+ 48. Kd2 Nb1+ 49. Ke3 a4 50. Rg7 a3 51. Ke4 a2 52. Rg8+ Ke7 53. Ra8 Kd6 54. Ke3 Nc3 55. Kd2 Rb1 56. Kxc3 a1Q+ 57. Rxa1 Rxa1 58. Bd5 Ke5 59. h4 Kxf5 60. h5 Ra3+ 61. Kd2 Ra6 62. Ke3 Ra2 63. Be4+ Kg5 64. Bg6 Rxc2 65. Ke4 c6 66. Ke5 Re2+ 67. Kd6 Kf6 68. Kxc5 Re6 69. Be4 Ke7 70. Kb6 c5+ 71. Kxc5 Re5+ 72. Kc6 Rxh5 73. c5 Kd8 74. Kb6 Rh2 75. Kc6 Rd2 76. Kd6 Rh2 77. Bd5 Rd2 78. Bc4 Rb2 79. c6 Rb6 80. d4 Kc8 81. Kc5 Rb1 82. d5 Rc1 83. d6 Rc2 84. Kb5 Kb8 85. c7+ Kb7 86. Bd5+ Kc8 87. Be6+ 1-0

[Event "Ronda Promesas"]
[Site "Ronda"]
[Date "2007.11.01"]
[Round "2"]
[White "Minzer, Claudio Javier"]
[Black "Paz Ladron de Guevara, Daniel"]
[Result "1-0"]
[WhiteElo "2417"]
[BlackElo "2362"]
[PlyCount "99"]
[EventDate "2007.10.31"]
[EventType "tourn"]
[EventRounds "9"]
[EventCountry "ESP"]
[EventCategory "3"]
[SourceTitle "EXT 2008"]
[Source "ChessBase"]
[SourceDate "2007.11.25"]
[SourceVersion "1"]
[SourceVersionDate "2007.11.25"]
[SourceQuality "1"]

1. d4 e6 2. Nf3 f5 3. g3 Nf6 4. Bg2 Be7 5. 0-0 0-0 6. c4 d6 7. Nc3 a5 8. b3 Qe8 9. Re1 Ne4 10. Nxe4 fxe4 11. Nd2 d5 12. f3 Bb4 13. fxe4 dxc4 14. Qc2 cxb3 15. axb3 c5 16. e3 Nc6 17. Bb2 cxd4 18. exd4 e5 19. d5 Nd4 20. Bxd4 exd4 21. Rf1 Bg4 22. Rxf8+ Qxf8 23. Nc4 b5 24. Ne5 Rc8 25. Qd3 h5 26. h3 Rc3 27. Qxb5 Rc5 28. Qa6 Bc8 29. Qg6 Bd2 30. Qxh5 Rc1+ 31. Rxc1 Bxc1 32. Ng6 Be3+ 33. Kh2 Qf2 34. Qh8+ Kf7 35. Ne5+ Ke7 36. Qxg7+ Kd6 37. Nf3 d3 38. Qe5+ Kd7 39. Qg7+ Kd6 40. Qf6+ Kc7 41. Qc3+ Bc5 42. Qxd3 Kb6 43. d6 Bd7 44. e5 Qe3 45. Qd5 Qf2 46. h4 Be3 47. e6 Bc6 48. Qf5 Bc5 49. d7 Kc7 50. Qf6 1-0

[Event "Ronda Promesas"]
[Site "Ronda"]
[Date "2007.10.31"]
[Round "1"]
[White "Paz Ladron de Guevara, Daniel"]
[Black "Perez Pardo, Juan Carlos"]
[Result "1/2-1/2"]
[WhiteElo "2362"]
[BlackElo "2312"]
[PlyCount "93"]
[EventDate "2007.10.31"]
[EventType "tourn"]
[EventRounds "9"]
[EventCountry "ESP"]
[EventCategory "3"]
[SourceTitle "EXT 2008"]
[Source "ChessBase"]
[SourceDate "2007.11.25"]
[SourceVersion "1"]
[SourceVersionDate "2007.11.25"]
[SourceQuality "1"]

1. e4 e6 2. d4 d5 3. Nc3 dxe4 4. Nxe4 Nd7 5. Nf3 Ngf6 6. Nxf6+ Nxf6 7. Bg5 h6 8. Bh4 c5 9. dxc5 Qxd1+ 10. Rxd1 Bxc5 11. Bb5+ Ke7 12. 0-0 a6 13. Be2 Bd6 14. Bg3 Bxg3 15. hxg3 b5 16. Ne5 Bb7 17. a4 Rhc8 18. c3 bxa4 19. Ra1 Rd8 20. Rxa4 Rd2 21. Rb4 Rxe2 22. Rxb7+ Kf8 23. Nxf7 Ne4 24. Ne5 Nc5 25. Ng6+ Kg8 26. Rc7 Nd3 27. Rd1 Kh7 28. Rxd3 Kxg6 29. b4 a5 30. b5 a4 31. b6 Ra5 32. g4 Rb5 33. Rdd7 Rxb6 34. Rxg7+ Kf6 35. f4 Rb1+ 36. Kh2 e5 37. Rgf7+ Ke6 38. f5+ Kd5 39. Rfd7+ Ke4 40. Rc4+ Ke3 41. Re7 Kd3 42. Rxa4 Rbb2 43. Kh3 Rxg2 44. Rxe5 Rh2+ 45. Kg3 Rbg2+ 46. Kf3 Rf2+ 47. Kg3 1/2-1/2

[Event "Malaga op 6th"]
[Site "Malaga"]
[Date "2003.02.24"]
[Round "4"]
[White "Alonso, Salvador"]
[Black "Paz Ladron de Guevara, Daniel"]
[Result "1/2-1/2"]
[WhiteElo "2443"]
[BlackElo "2323"]
[PlyCount "117"]
[EventDate "2003.02.21"]
[EventType "swiss"]
[EventRounds "9"]
[EventCountry "ESP"]
[SourceTitle "CBM 092 Extra"]
[Source "ChessBase"]
[SourceDate "2003.03.07"]
[SourceVersion "1"]
[SourceVersionDate "2003.03.07"]
[SourceQuality "1"]

1. d4 e6 2. Nf3 f5 3. c4 Nf6 4. Nc3 Bb4 5. Bd2 Qe7 6. g3 0-0 7. Bg2 a5 8. 0-0 d6 9. Qc2 Nbd7 10. Rad1 Bxc3 11. Bxc3 Ne4 12. b3 Nxc3 13. Qxc3 e5 14. dxe5 dxe5 15. Rd5 e4 16. Nd4 Nc5 17. Qe3 b6 18. Rd1 g6 19. Nc2 Bb7 20. R5d2 Rad8 21. Nd4 Rd7 22. Nb5 Rfd8 23. h4 Ne6 24. Nc3 Qg7 25. f3 Rxd2 26. Rxd2 Rxd2 27. Qxd2 Qe5 28. f4 Qd4+ 29. Qxd4 Nxd4 30. Kf2 Kf7 31. Ke3 Nc2+ 32. Kd2 Nd4 33. Bh3 h5 34. Bf1 Ke7 35. e3 Ne6 36. Ne2 c5 37. Kc3 Nd8 38. a3 Nc6 39. Ng1 Ba6 40. Nh3 Bc8 41. Nf2 Kd6 42. Be2 Bd7 43. Nh3 Ke6 44. Nf2 Bc8 45. Nd1 Kd6 46. Kb2 Be6 47. Nc3 Bf7 48. Bd1 Bg8 49. Be2 Bf7 50. Na2 Bg8 51. Kc3 Ne7 52. Bd1 Bf7 53. b4 axb4+ 54. axb4 b5 55. Bb3 bxc4 56. Bxc4 Bxc4 57. Kxc4 cxb4 58. Nxb4 Ng8 59. Kc3 1/2-1/2

[Event "Malaga-ch"]
[Site "Malaga"]
[Date "2001.01.20"]
[Round "3.1"]
[White "Paz Ladron de Guevara, Daniel"]
[Black "Montenegro Garcia, Marcos"]
[Result "1-0"]
[WhiteElo "2333"]
[BlackElo "2022"]
[PlyCount "93"]
[EventDate "2001.01.13"]
[EventType "swiss"]
[EventRounds "8"]
[EventCountry "ESP"]
[SourceTitle "CBM 080 Extra"]
[Source "ChessBase"]
[SourceDate "2001.03.08"]
[SourceVersion "1"]
[SourceVersionDate "2001.03.08"]
[SourceQuality "1"]

1. e4 c5 2. Nf3 d6 3. d4 cxd4 4. Nxd4 Nf6 5. Nc3 Nc6 6. g3 e5 7. Nde2 a6 8. Bg2 Be7 9. 0-0 0-0 10. a4 Be6 11. Nd5 Bxd5 12. exd5 Nb8 13. c4 Nbd7 14. Nc3 Rc8 15. b3 Re8 16. Bh3 Bf8 17. Bg5 Rc7 18. Qc2 h6 19. Be3 Nh7 20. a5 g6 21. Qd2 Nc5 22. Rab1 Ng5 23. Bg2 f5 24. b4 Nd7 25. c5 e4 26. h4 Nf7 27. Ne2 Qf6 28. Nf4 Nde5 29. Ne6 Rd7 30. Qe2 g5 31. hxg5 Nxg5 32. Qh5 Qf7 33. Qxf7+ Rxf7 34. Nxf8 Rexf8 35. Bf4 Ngf3+ 36. Bxf3 Nxf3+ 37. Kg2 Rd8 38. Rfd1 dxc5 39. bxc5 Rfd7 40. c6 bxc6 41. dxc6 Rxd1 42. c7 Rxb1 43. cxd8Q+ Kf7 44. Qd7+ Kf6 45. Qd6+ Kf7 46. Qd5+ Kf6 47. Be5+ 1-0

[Event "Seville op 24th"]
[Site "Seville"]
[Date "1999.??.??"]
[Round "2"]
[White "Gonzalez, R."]
[Black "Paz Ladron de Guevara, Daniel"]
[Result "1-0"]
[WhiteElo "2025"]
[BlackElo "2290"]
[PlyCount "45"]
[EventDate "1999.01.??"]
[EventType "swiss"]
[EventRounds "9"]
[EventCountry "ESP"]
[SourceTitle "EXT 2000"]
[Source "ChessBase"]
[SourceDate "1999.11.16"]
[SourceVersion "1"]
[SourceVersionDate "1999.11.16"]
[SourceQuality "1"]

1. e4 e6 2. d4 d5 3. e5 c5 4. c3 Bd7 5. Nf3 Nc6 6. Bd3 cxd4 7. cxd4 Qb6 8. Bc2 Nb4 9. 0-0 Ne7 10. a3 Nxc2 11. Qxc2 Nf5 12. Rd1 Be7 13. Nc3 0-0 14. g4 Nh4 15. Nxh4 Bxh4 16. g5 f6 17. gxf6 gxf6 18. Bh6 fxe5 19. Kh1 Rf7 20. Qe2 exd4 21. Rg1+ Kh8 22. Bg7+ Rxg7 23. Qe5 1-0

[Event "San Agustin op U18"]
[Site "San Agustin"]
[Date "1998.??.??"]
[Round "6"]
[White "Andres Gonzalez, Alberto"]
[Black "Paz Ladron de Guevara, Daniel"]
[Result "1-0"]
[WhiteElo "2200"]
[BlackElo "2290"]
[PlyCount "130"]
[EventDate "1998.??.??"]
[EventType "swiss"]
[EventRounds "9"]
[EventCountry "ESP"]
[SourceTitle "EXT 2000"]
[Source "ChessBase"]
[SourceDate "1999.11.16"]
[SourceVersion "1"]
[SourceVersionDate "1999.11.16"]
[SourceQuality "1"]

1. d4 e6 2. c4 f5 3. g3 Nf6 4. Bg2 Bb4+ 5. Nd2 Qe7 6. Ngf3 0-0 7. 0-0 Bxd2 8. Bxd2 a5 9. Qb3 d6 10. Bc3 Ne4 11. Nd2 Nxc3 12. Qxc3 e5 13. dxe5 dxe5 14. c5 Nc6 15. Bd5+ Kh8 16. Nf3 Re8 17. a3 a4 18. Rfd1 Na5 19. Rd2 Bd7 20. Rad1 Bc6 21. Bxc6 Nxc6 22. Rd7 Rad8 23. Rxd8 Rxd8 24. Rxd8+ Qxd8 25. Nxe5 Qd1+ 26. Kg2 Qd5+ 27. Nf3 h6 28. h4 Kg8 29. Qe3 Qe4 30. Qxe4 fxe4 31. Nd2 e3 32. fxe3 Ne5 33. Kf2 Kf7 34. e4 Nd7 35. b4 axb3 36. Nxb3 Ne5 37. Na5 b6 38. cxb6 cxb6 39. Nb3 Nc4 40. a4 Ke6 41. Kf3 Ke5 42. h5 Nb2 43. a5 bxa5 44. Nxa5 Nd1 45. Nc4+ Ke6 46. Ne3 Nc3 47. Nf5 Kf6 48. g4 Ke5 49. Nxg7 Nxe4 50. Nf5 Ng5+ 51. Ke3 Nf7 52. Nd4 Nd8 53. Nf3+ Kf6 54. Ke4 Ne6 55. e3 Nc5+ 56. Kd4 Nb3+ 57. Kd5 Nc1 58. Kd6 Nd3 59. e4 Nf2 60. e5+ Kf7 61. e6+ Ke8 62. g5 Ng4 63. g6 Nf6 64. g7 Kd8 65. Ke5 Ke7 1-0

[Event "Malaga-ch"]
[Site "Malaga"]
[Date "1998.??.??"]
[Round "7"]
[White "Nava Baro, Enrique"]
[Black "Paz Ladron de Guevara, Daniel"]
[Result "0-1"]
[WhiteElo "2165"]
[BlackElo "2235"]
[PlyCount "46"]
[EventDate "1998.??.??"]
[EventType "swiss"]
[EventRounds "8"]
[EventCountry "ESP"]
[SourceTitle "EXT 2003"]
[Source "ChessBase"]
[SourceDate "2002.11.25"]
[SourceVersion "1"]
[SourceVersionDate "2002.11.25"]
[SourceQuality "1"]

1. d4 e6 2. e4 d5 3. e5 c5 4. c3 Nc6 5. Nf3 Bd7 6. Be2 f6 7. 0-0 fxe5 8. Nxe5 Nxe5 9. dxe5 Qc7 10. c4 Ne7 11. cxd5 Nxd5 12. Bh5+ g6 13. Bf3 Bc6 14. Bg5 Bg7 15. Re1 0-0 16. Bg4 Qf7 17. Qd2 h6 18. Bf6 Nxf6 19. exf6 Qxf6 20. Bxe6+ Kh7 21. Nc3 Rae8 22. Bh3 Qd4 23. Rad1 Qxd2 0-1

[Event "ESP-ch U20"]
[Site "Spain"]
[Date "1998.??.??"]
[Round "7"]
[White "Paz Ladron de Guevara, Daniel"]
[Black "Piay Augusto, Diego"]
[Result "1-0"]
[WhiteElo "2265"]
[BlackElo "2215"]
[PlyCount "113"]
[EventDate "1998.??.??"]
[EventType "swiss"]
[EventRounds "9"]
[EventCountry "ESP"]
[SourceTitle "EXT 2003"]
[Source "ChessBase"]
[SourceDate "2002.11.25"]
[SourceVersion "1"]
[SourceVersionDate "2002.11.25"]
[SourceQuality "1"]

1. e4 d5 2. exd5 Nf6 3. d4 Bg4 4. Be2 Bxe2 5. Nxe2 Qxd5 6. 0-0 Nc6 7. b3 0-0-0 8. c4 Qf5 9. Nbc3 e6 10. Be3 Nb4 11. a3 Nc2 12. Ra2 Nxe3 13. fxe3 Qg5 14. Qd3 Ng4 15. Nd1 Qh4 16. h3 Nf6 17. b4 Be7 18. Nf2 g5 19. e4 Nd7 20. Qf3 Rdf8 21. e5 f5 22. exf6 Rxf6 23. Qg4 Qxg4 24. Nxg4 Rxf1+ 25. Kxf1 h5 26. Ne3 Rf8+ 27. Ke1 e5 28. d5 e4 29. Nd4 Ne5 30. Ndf5 Bd8 31. Rc2 g4 32. hxg4 hxg4 33. c5 Bg5 34. Ke2 Nd3 35. Kd1 Rh8 36. Re2 Rh1+ 37. Kc2 a5 38. Nxg4 axb4 39. Rxe4 bxa3 40. c6 bxc6 41. dxc6 a2 42. Re8+ Bd8 43. Ne7+ Kb8 44. Rxd8+ Ka7 45. Nc8+ Ka6 46. Ne7 Kb6 47. Ra8 Nb4+ 48. Kb3 Na6 49. Nd5+ Ka5 50. Nxc7 Kb6 51. Rxa6+ Kxc7 52. Kxa2 Re1 53. Kb3 Re2 54. Nf6 Rxg2 55. Nd5+ Kb8 56. c7+ Kb7 57. Rb6+ 1-0

[Event "Malaga-ch"]
[Site "Malaga"]
[Date "1998.??.??"]
[Round "1"]
[White "Silva Martinez, Francisco"]
[Black "Paz Ladron de Guevara, Daniel"]
[Result "0-1"]
[WhiteElo "2000"]
[BlackElo "2235"]
[PlyCount "48"]
[EventDate "1998.??.??"]
[EventType "swiss"]
[EventRounds "8"]
[EventCountry "ESP"]
[SourceTitle "EXT 2003"]
[Source "ChessBase"]
[SourceDate "2002.11.25"]
[SourceVersion "1"]
[SourceVersionDate "2002.11.25"]
[SourceQuality "1"]

1. e4 e6 2. d4 d5 3. e5 c5 4. Nf3 Nc6 5. dxc5 Bxc5 6. c3 f6 7. Bf4 fxe5 8. Nxe5 Qf6 9. Nd3 Bb6 10. Qh5+ g6 11. Qe2 Nge7 12. Be5 Nxe5 13. Qxe5 Bxf2+ 14. Ke2 Qxe5+ 15. Nxe5 0-0 16. Nd2 Nc6 17. Ndf3 Bb6 18. Nxc6 bxc6 19. Kd2 e5 20. Nxe5 Rf2+ 21. Kc1 Be3+ 22. Kb1 Bf4 23. Nd3 Bf5 24. g3 Rxf1+ 0-1

[Event "Andalucia-chT"]
[Site "Malaga"]
[Date "1997.11.02"]
[Round "2"]
[White "Paz Ladron de Guevara, Daniel"]
[Black "Sanchez Jimenez, Juan Carlos"]
[Result "1/2-1/2"]
[WhiteElo "2250"]
[BlackElo "2235"]
[PlyCount "80"]
[EventDate "1997.11.??"]
[EventType "team"]
[EventRounds "9"]
[EventCountry "ESP"]
[SourceTitle "EXT 2000"]
[Source "ChessBase"]
[SourceDate "1999.11.16"]
[SourceVersion "1"]
[SourceVersionDate "1999.11.16"]
[SourceQuality "1"]

1. e4 e6 2. d4 d5 3. Nc3 Bb4 4. exd5 exd5 5. Bd3 Ne7 6. Qh5 Nbc6 7. a3 Bxc3+ 8. bxc3 Be6 9. Rb1 b6 10. Nf3 Qd7 11. Ne5 Nxe5 12. Qxe5 f6 13. Qh5+ Bf7 14. Qf3 Bg6 15. Bb5 c6 16. Bd3 0-0 17. 0-0 Rfe8 18. a4 Nf5 19. Qh3 Rad8 20. Ba3 Nd6 21. Qxd7 Rxd7 22. Bxd6 Rxd6 23. Rfe1 Kf8 24. Kf1 Rde6 25. Rxe6 Rxe6 26. Bxg6 hxg6 27. c4 dxc4 28. Rb4 Ke7 29. Rxc4 Kd6 30. Rb4 Kd5 31. g3 g5 32. h3 c5 33. dxc5 Kxc5 34. c3 a6 35. h4 gxh4 36. Rxh4 Kd5 37. Rb4 Kc5 38. Rg4 g5 39. Rb4 b5 40. axb5 axb5 1/2-1/2

[Event "Linares-B"]
[Site "Linares"]
[Date "1997.??.??"]
[Round "6"]
[White "Llopis de Aysa, Manuel"]
[Black "Paz Ladron de Guevara, Daniel"]
[Result "1-0"]
[WhiteElo "2240"]
[BlackElo "2225"]
[PlyCount "97"]
[EventDate "1997.??.??"]
[EventType "tourn"]
[EventRounds "9"]
[EventCountry "ESP"]
[SourceTitle "EXT 2000"]
[Source "ChessBase"]
[SourceDate "1999.11.16"]
[SourceVersion "1"]
[SourceVersionDate "1999.11.16"]
[SourceQuality "1"]

1. e4 e6 2. d4 d5 3. Nc3 Bb4 4. Qd3 dxe4 5. Qxe4 Qd5 6. Qg4 Nc6 7. Nge2 Nge7 8. Bd2 Bxc3 9. Nxc3 Qxd4 10. Qxd4 Nxd4 11. 0-0-0 e5 12. Re1 Nec6 13. Nd5 Ne6 14. f4 0-0 15. f5 Ned4 16. Nxc7 Bxf5 17. Nxa8 Nxc2 18. Nc7 Nxe1 19. Bxe1 Rc8 20. Nb5 Nb4+ 21. Nc3 Nxa2+ 22. Kd1 Rd8+ 23. Bd2 Nb4 24. Bc4 Bd3 25. Bb3 Bg6 26. Rg1 Nd3 27. Ke2 Nxb2 28. Nd5 Bh5+ 29. g4 Bg6 30. Ne7+ Kh8 31. Nxg6+ fxg6 32. Rg3 e4 33. Re3 Nd3 34. Rxe4 Nc5 35. Re3 Nxb3 36. Rxb3 Rd7 37. Be3 b6 38. Rd3 Rxd3 39. Kxd3 Kg8 40. Ke4 Kf7 41. Ke5 Ke7 42. g5 Kd7 43. Kd5 Ke7 44. Bd4 Kd7 45. Bxg7 a5 46. Bd4 b5 47. Bb6 a4 48. Bc5 Kc7 49. h4 1-0

[Event "ESP-ch U18"]
[Site "Spain"]
[Date "1997.??.??"]
[Round "8"]
[White "Paz Ladron de Guevara, Daniel"]
[Black "Baron Rodriguez, Jesus"]
[Result "1/2-1/2"]
[WhiteElo "2225"]
[BlackElo "2380"]
[PlyCount "87"]
[EventDate "1997.??.??"]
[EventType "swiss"]
[EventRounds "9"]
[EventCountry "ESP"]
[SourceTitle "EXT 2001"]
[Source "ChessBase"]
[SourceDate "2000.11.22"]
[SourceVersion "1"]
[SourceVersionDate "2000.11.22"]
[SourceQuality "1"]

1. e4 e5 2. Nf3 Nc6 3. Bb5 a6 4. Ba4 Nf6 5. 0-0 Nxe4 6. d4 b5 7. d5 bxa4 8. dxc6 d6 9. c4 Be7 10. Qxa4 0-0 11. Be3 f5 12. Nfd2 Nxd2 13. Bxd2 Rb8 14. Nc3 Rxb2 15. Bc1 Rb8 16. Nd5 f4 17. Qa5 Bf6 18. Ba3 Rf7 19. Rad1 f3 20. g3 Be6 21. Rb1 Rc8 22. Rb7 Qe8 23. Qxa6 Rf8 24. Qb5 Qh5 25. Nf4 Qg4 26. Nxe6 Rf7 27. Qd5 Bh4 28. Rb3 Re8 29. h3 Qxh3 30. Rxf3 Rxe6 31. Rxf7 Kxf7 32. Qg2 Qf5 33. c5 Be7 34. cxd6 Bxd6 35. Bxd6 Rxd6 36. Re1 Kf6 37. Rc1 e4 38. Re1 Rxc6 39. Qxe4 Qxe4 40. Rxe4 Ra6 41. Rc4 Rxa2 42. Rc6+ Kg5 43. Rxc7 Kh6 44. Kg2 1/2-1/2

[Event "Malaga-ch"]
[Site "Malaga"]
[Date "1997.??.??"]
[Round "2"]
[White "Paz Ladron de Guevara, Daniel"]
[Black "Linan Baena, Jeronimo"]
[Result "1-0"]
[WhiteElo "2205"]
[BlackElo "2100"]
[PlyCount "83"]
[EventDate "1997.??.??"]
[EventType "swiss"]
[EventRounds "9"]
[EventCountry "ESP"]
[SourceTitle "EXT 2003"]
[Source "ChessBase"]
[SourceDate "2002.11.25"]
[SourceVersion "1"]
[SourceVersionDate "2002.11.25"]
[SourceQuality "1"]

1. e4 c5 2. Nf3 Nc6 3. Nc3 d6 4. d4 cxd4 5. Nxd4 Nf6 6. g3 e5 7. Nde2 h6 8. Bg2 Be7 9. 0-0 0-0 10. h3 Be6 11. Be3 Rc8 12. Qd2 a6 13. Nd5 Bxd5 14. exd5 Nb8 15. g4 Nbd7 16. Ng3 Re8 17. a4 Qc7 18. Rfc1 a5 19. b3 Nc5 20. Qe2 Bf8 21. Qb5 b6 22. Rab1 Ra8 23. Qe2 Rac8 24. c4 g6 25. Kh2 Bg7 26. h4 Rf8 27. Bh3 Rce8 28. Kg2 Nfd7 29. g5 f5 30. gxf6 Rxf6 31. h5 Ref8 32. hxg6 Rxg6 33. Qh5 Rgf6 34. Rg1 e4 35. Nf5 Ne5 36. Kh1 R8f7 37. Nxh6+ Rxh6 38. Bxh6 Nf3 39. Bxg7 Rxg7 40. Qe8+ Kh7 41. Bf5+ Kh6 42. Rg6+ 1-0